000 00557nam a2200205Ii 4500
001 8498
003 CO-ViMGA
008 241108s9999||||xx |||||||||||||| ||und||
040 _aCO-ViMGA
_bspa
_erda
_cCO-ViMGA
041 0 _aspa
082 0 4 _aC861.44 C311po
100 1 _aEduardo Carranza
_946266
245 1 0 _a20 poemas
264 1 _aBogotá, Colombia : ABC, 1982
300 _avolumen
336 _atext
_btxt
_2rdacontent
337 _aunmediated
_bn
_2rdamedia
338 _avolume
_bnc
_2rdacarrier
940 _aidficha_siabuc: 8303. -- ficha_no_siabuc:8498
999 _c40824
_d40824